|
|
|
|
| LEADER |
00000nam a22000007a 4500 |
| 005 |
2019032800360.0 |
| 007 |
cr|||| |||| |
| 008 |
190328s2016 es |||||s|||| 00||0 spa d |
| 020 |
|
|
|a 978-84-945803-2-1
|
| 035 |
|
|
|a 23151
|
| 040 |
|
|
|a vLex
|
| 090 |
|
|
|c 8510
|d 8510
|
| 100 |
1 |
|
|a de Miranda Vz̀quez, Carlos
|
| 245 |
1 |
3 |
|a Las excepciones materiales en el proceso civil
|h [Recurso electrn̤ico] /
|c Carlos de Miranda Vz̀quez
|
| 256 |
|
|
|a Servicio en ln̕ea
|
| 260 |
|
|
|a Barcelona:
|b J.M. Bosch Editor,
|c 2016
|
| 300 |
|
|
|a 1 recurso electrn̤ico
|
| 506 |
1 |
|
|a Disponible solo en los productos indicados
|d vLex Global
|d vLex Global (Academic Edition, excluding Law Schools)
|d vLex Global (U.S. Academic Edition, Law Schools)
|d vLex Global (U.S. Academic Edition, excluding Law Schools)
|d vLex Global (Academic Edition, Law Schools)
|
| 650 |
0 |
4 |
|a Derecho Procesal
|z Espaą
|
| 740 |
0 |
|
|a vLex Libros (Servicio en ln̕ea)
|
| 856 |
4 |
0 |
|u http://vlex.com/source/excepciones-materiales-proceso-civil-23151
|z Acceso restringido
|
| 942 |
|
|
|c BOOK
|
| 999 |
0 |
|
|a Procedural law
|